00253nam a22000977a 4500008004100000041000800041080002000049100000700069101000800076245007100084181024b xxu||||| |||| 00| 0 eng d aeng 215 EDa721.053 a62 aAUD aAuditing Assurancs Services An Intergrate ApproachcArens.A.A